| 000 | 01700cam a2200433 a 4500 | ||
|---|---|---|---|
| 001 | 633389 | ||
| 003 | OSt | ||
| 005 | 20140310184409.0 | ||
| 008 | 930309s1994 nyuab j 000 0beng | ||
| 010 | _a 93007478 | ||
| 020 | _a0439276551 | ||
| 040 |
_aDLC _cDLC _dDLC |
||
| 042 | _alcac | ||
| 043 | _an-us--- | ||
| 050 | 0 | 0 |
_aE 185.97.T8 _b.Ad35 2001 |
| 100 | 1 |
_aAdler, David A. _923317 |
|
| 245 | 1 | 2 |
_aA picture book of Sojourner Truth / _cDavid A. Adler ; illustrated by Gershom Griffith. |
| 250 | _a1st ed. | ||
| 260 |
_aNew York : _bHoliday House, _c2001 |
||
| 300 |
_a1 v. (unpaged) : _bcol. ill. map. ; _c21 x 24 cm. |
||
| 520 | _aAn introduction to the life of the woman born into slavery who became a well-known abolitionist and crusader for the rights of African Americans in the United States. | ||
| 521 | _aG8 | ||
| 526 | _c910 | ||
| 562 | _e1 | ||
| 600 | 1 | 0 |
_aTruth, Sojourner, _dd. 1883 _vJuvenile literature. _926040 |
| 600 | 1 | 1 |
_aTruth, Sojourner, _dd. 1883. _926041 |
| 650 | 0 |
_aAfrican American abolitionists _vBiography _vJuvenile literature. _926042 |
|
| 650 | 0 |
_aAbolitionists _zUnited States _vBiography _vJuvenile literature. _926043 |
|
| 650 | 0 |
_aSocial reformers _zUnited States _vBiography _vJuvenile literature. _926044 |
|
| 650 | 1 |
_aAbolitionists. _926045 |
|
| 650 | 1 |
_aReformers. _926046 |
|
| 650 | 1 |
_aAfrican Americans _vBiography. _926047 |
|
| 650 | 1 |
_aWomen _vBiography. _926048 |
|
| 700 | 1 |
_aGriffith, Gershom, _eill. _926049 |
|
| 906 |
_a7 _bcbc _corignew _d1 _eocip _f19 _gy-gencatlg |
||
| 942 |
_2lcc _cBK-SCHOLAS |
||
| 999 |
_c34088 _d34088 |
||